000 00351nam a2200145Ia 4500
008 220216s9999 xx 000 0 und d
100 _aMillqvist F
245 0 _aSwedish rubber industry : an overview
260 _bRubber Developments
_c1979
300 _a60-67
650 _aRubber industry
650 _aSweden
700 _aCain M
942 _cJS
999 _c70094
_d70094